| 000 | 00995nam a22002417a 4500 | ||
|---|---|---|---|
| 999 |
_c64303 _d64303 |
||
| 005 | 20240530110724.0 | ||
| 008 | 180415s2016 ua a g b 000 ||ara d | ||
| 017 |
_a2016/15472 _bمصر. دار الكتب |
||
| 020 | _a9789779108797 | ||
| 040 |
_aEG-CaGPL _cEG-CaGPL |
||
| 082 | 0 | 4 |
_221 _a303.44 / _bن ح |
| 100 | 0 | _aنور الهدى ابراهيم الديب | |
| 245 | 1 | 2 |
_aالحوار المجتمعى كالية لصنع القرار : _bالمجالس المحلية نموذجا / _cنور الهدى ابراهيم الديب |
| 260 |
_aالقاهرة : _bالهيئة المصرية العامة للكتاب ، _c2016. |
||
| 300 |
_a219 ص. : _bجداول ؛ _c24 سم. |
||
| 650 | 0 | 7 |
_2qrmak _aالتنمية الاجتماعية |
| 650 | 0 | 7 |
_2qrmak _aالحوار المجتمعى |
| 650 | 0 | 7 |
_2qrmak _aالتقدم الاجتماعى |
| 650 | 0 | 7 |
_2qrmak _aالمجالس البلدية |
| 651 | _2qrmak | ||
| 942 |
_2ddc _cBK |
||